Combien de temps les Français passent ils à... - Statistiques

Statistiques générales
  • Ce quiz a été pris 65 fois
  • Le résultat moyen est 2 sur 16
Statistiques - réponses
Hint Réponse % Correct
Combien de temps passe-t-on à dormir ? 25 ans
69%
Combien de temps passe-t-on à travailler dans notre vie ? 97464 heures
19%
Combien de temps passe-t-on à être malade ? 366 jours
15%
Combien de temps passe-t-on à nettoyer ? 46800 heures
15%
Combien de temps passe-t-on à faire l'amour ? 168480 minutes
13%
Combien de temps passe-t-on à surfer sur le web ? 5 ans
13%
Combien de temps passe-t-on à se préparer le matin ? 136 jours
10%
Combien de temps environ passe-t-on à rire ? 115 jours
8%
Combien de temps passe-t-on sur la cuvette des toilettes ? 120 jours
8%
Combien de temps passe-t-on à manger ? 51 mois
8%
Combien de temps passe-t-on à sa plaindre ? 5 mois
8%
Combien de temps passe-t-on à bronzer ? 2170 heures
6%
Combien de temps passe-t-on à téléphoner ? 60 heures
6%
Combien de temps passe-t-on à attendre les transports en commun ? 653 heures
4%
Combien de temps passe-t-on à regarder la télévision ? 11 ans
2%
Combien de temps passe-t-on à attendre que le sommeil vienne ? 7 ans
2%
Aucun quiz correspondant
Distribution des résultats
% des personnes avec chaque résultat
Percentile par nombre de réponses
Votre historique - résultats
Vous n’avez pas pris ce quiz